000 00525nam a2200181Ia 4500
001 23946
005 20260414151011.0
008 260414t1982||||xx |||||||||||||| ||spa||
041 _aESP
082 _a724.2946
_bF75
100 _aFornes y Gurrea, Manuel
_eAUT
245 0 _aCompuesto de observaciones sobre la práctica del arte de edificar las cuales van seguidas por las ordenanzas de Madrid
_b
260 _c1982
300 _a174 páginas :
_c26 cm.
650 _aABD
654 _aCAU
942 _cLIB
_dJUS
_fJUS
_2ddc
_n
999 _c23946
_d23946